00829nam a2200253Ia 450000500170000000800410001702000150005805000210007310000310009424501180012525000180024326000320026130000180029333600100031133700140032133800120033550400520034765000310039965000190043065000320044965000270048170000330050870000340054120231102150854.0120626s2002 mx 000 0 spa d a9706861947 aQA276bW318 2002 aWackerly, Dennis D.eautor aEstadística matemática con aplicacionesc / Dennis D. Wackerly, William Mendenhall III y Richard L. Scheaffer a6a. edición aMéxicob: Thomsonc, 2002 a853 páginas atexto asin medio avolumen aIncluye referencias bibliográficas e índice aESTADÍSTICA MATEMÁTICA aPROBABILIDADES aTEORÍA DE LA ESTIMACIÓN aANÁLISIS DE VARIANZA aMendenhall, Williamecoautor aScheaffer, Richard Lecoautor